Customary Law in Namibia : Development and Perspective / (Record no. 949)

MARC details
000 -LEADER
fixed length control field 00591nam a22001937a 4500
005 - DATE AND TIME OF INPUT
control field 20231124131412.0
008 - DATA ELEMENTS--GENERAL INFORMATION
fixed length control field 231124b |||||||| |||| 00| 0 eng d
020 ## - INTERNATIONAL STANDARD BOOK NUMBER
International Standard Book Number 9991673679
022 ## - INTERNATIONAL STANDARD SERIAL NUMBER
International Standard Serial Number 09337806
041 ## - LANGUAGE CODE
Language code of text English
082 ## - SHELF NUMBER
DDC number 340.5 HIN
100 ## - MAIN AUTHOR
Main author's name Hinz, MO
Language of a work English
245 ## - TITLE STATEMENT
Title Customary Law in Namibia : Development and Perspective /
Statement of responsibility, etc. MO Hinz
250 ## - EDITION STATEMENT
Edition statement Eighth Edition
260 ## - PUBLICATION, DISTRIBUTION, ETC.
Place of publication, distribution, etc. Windhoek :
Name of publisher, distributor, etc. Centre for Applied Social Sciences,
Date of publication, distribution, etc. 2003
300 ## - PHYSICAL DESCRIPTION
Other physical details 236 pages ;
Dimensions 30 cm.
650 ## - SUBJECT`
Broad subject Legal practice
Own subject terms Law
942 ## - ADDED ENTRY ELEMENTS (KOHA)
Item type Books
942 ## - ADDED ENTRY ELEMENTS (KOHA)
-- ALISON_BN_VRIES
Holdings
Source of classification or shelving scheme Not for loan Collection code Home library Current library Shelving location Date acquired Full call number Barcode Price effective from Koha item type
Dewey Decimal Classification   TEXT BOOKS LAW SOCIETY OF NAMIBIA LIBRARY - WINDHOEK LAW SOCIETY OF NAMIBIA LIBRARY - WINDHOEK Customary law 11/24/2023 340.5 HIN LSN/2003/21 11/24/2023 Books